Statistiche per Paesi con più turisti

Clicka qui per fare il quiz!

Statistiche generali

  • Questo quiz è stato fatto 4.542 volte
  • Il punteggio medio è 18 su 24

Statistiche sulle risposte

# ArriviPaese% Corretto
52.4 mItalia
100%
82.6 mFrancia
99%
75.6 mStati Uniti
99%
59.3 mCina
97%
75.6 mSpagna
97%
35.6 mGermania
95%
24.0 mGiappone
94%
24.6 mRussia
94%
35.8 mRegno Unito
91%
20.0 mCanada
89%
35.0 mMessico
86%
14.6 mIndia
83%
24.8 mGrecia
81%
≈ 30 mTurchia
67%
15.8 mPaesi Bassi
65%
28.1 mAustria
62%
17.5 mPolonia
62%
32.6 mThailandia
57%
17.2 mCorea del Sud
55%
13.8 mCroazia
49%
18.0 mArabia Saudita
42%
14.9 mEmirati Arabi Uniti
39%
15.3 mUngheria
33%
26.8 mMalesia
24%

Distribuzione punteggi

Percentile per numero di risposta

Percentuale di utenti per punteggio

I tuoi punteggi nel tempo

Non hai fatto questo quiz